| 000 | 01282nam a2200253 a 4500 | ||
|---|---|---|---|
| 008 | 211203s1997 ||||||||||||||||| || u | ||
| 020 | _a9781107602977 | ||
| 050 | _aPE 1128 Sea | ||
| 100 | _aSeal, Bernard | ||
| 245 | 1 | 0 |
_aAcademic encounters : human behavior, level 4 : reading, study skills, and writing (Second edition) _cBy Bernard Seal |
| 250 | _aSecond edition | ||
| 260 |
_aNew York _bCambridge University Press _c1997 |
||
| 300 | _axx, 220 pages : illustrations (some colour) | ||
| 490 | _aAcademic encounters | ||
| 650 | _aACADEMIC WRITING | ||
| 650 | _aHUMAN BEHAVIOUR | ||
| 650 | _aENGLISH LANGUAGE | ||
| 650 | _aENGLISH LANGUAGE--PROBLEMS, EXCERCISES, ETC | ||
| 650 | _aENGLISH LANGUAGE--RHETORIC | ||
| 650 | _aENGLISH LANGUAGE--TEXTBOOKS FOR FOREIGN SPEAKERS | ||
| 995 |
_aMAIN LIBRARY OPEN ACCESS _e751461 _FCBU-MAIN LIBRARY (Kitwe) _I89.31 _jPE 1128 Sea _M1 _UAVAILABLE _WDec 3, 2021 _y751461 _ZMain Library Open Access Collection |
||
| 995 |
_aMAIN LIBRARY OPEN ACCESS _e751462 _FCBU-MAIN LIBRARY (Kitwe) _I89.31 _jPE 1128 Sea _M2 _UAVAILABLE _WDec 3, 2021 _y751462 _ZMain Library Open Access Collection |
||
| 995 |
_aMAIN LIBRARY OPEN ACCESS _e751463 _FCBU-MAIN LIBRARY (Kitwe) _I89.31 _jPE 1128 Sea _M3 _UAVAILABLE _WDec 3, 2021 _y751463 _ZMain Library Open Access Collection |
||
| 999 |
_c75553 _d75553 |
||